Una historia de violencia : historiografías del terror en la Europa del siglo XX /

Guardado en:
Bibliografiske detaljer
Hovedforfatter: Rodrigo, Javier (autor)
Andre forfattere: Passerini, Luisa (epílogo) (epílogo)
Format: Bog
Sprog:spansk
Udgivet: México : Barcelona, España : UAM Iztapalapa ; Anthropos, 2017, c2017
Serier:(Memoria Rota. Exilios y Heterodoxias ; 59. Estudios)
Fag:
Tags: Tilføj Tag
Ingen Tags, Vær først til at tagge denne postø!

MARC

LEADER 00000nam^a2200000^a^4500
001 000399465
005 20250521000000.0
009 20260310121553.231
020 |a 978-607-28-1040-2 
020 |a 978-84-16421-56-5 
037 |a Acervo ITESO - Biblioteca 
041 |a ESP 
082 |a 940. 5  |b ROD 
100 |a Rodrigo, Javier  |e (autor) 
245 1 3 |a Una historia de violencia :  |b historiografías del terror en la Europa del siglo XX /  |c J. Rodrigo ; epílogo de L. Passerini. 
264 4 |a México :  |b UAM Iztapalapa ;  |a Barcelona, España :  |b Anthropos,  |c 2017, c2017 
300 |a 189 p. 
336 |a texto  |b txt  |2 rdacontenido 
337 |a sin mediación  |b n  |2 rdamedio 
338 |a volumen  |b nc  |2 rdasoporte 
440 1 |a (Memoria Rota.  |p Exilios y Heterodoxias ;  |v 59. Estudios) 
521 |a FIL 2017 EEnlace Departamento de Estudios Sociopolíticos y Jurídicos 
649 |a XX 
650 |a Genocidio -  |z Europa -  |x Historia -  |y Siglo XX 
650 |a Violencia -  |z Europa -  |x Historia -  |y Siglo XX 
650 |a Historiografía -  |z Europa -  |x Historia -  |y Siglo XX -  |x Tema Principal 
650 |a Europa -  |x Historia -  |y Siglo XX 
700 |a Passerini, Luisa  |e (epílogo) 
910 |a Fondo General 
920 |a Impresos - Libros 
930 |a Colección General 
905 |a 101 
901 |a 0500294614  |b IT1  |c ACC  |i c157908  |u 20250521 
902 |a https://opac.biblio.iteso.mx/vufind/Record/000399465